Read Togethe (Record no. 18)

MARC details
000 -LEADER
fixed length control field 00289nam a22001097a 4500
008 - FIXED-LENGTH DATA ELEMENTS--GENERAL INFORMATION
fixed length control field 160618b xxu||||| |||| 00| 0 eng d
100 ## - MAIN ENTRY--PERSONAL NAME
9 (RLIN) 18
Personal name Lady Bird
245 ## - TITLE STATEMENT
Title Read Togethe
Remainder of title Old Macdonald's Farm
260 ## - PUBLICATION, DISTRIBUTION, ETC. (IMPRINT)
Place of publication, distribution, etc. USA
Name of publisher, distributor, etc. Lady Bird
300 ## - PHYSICAL DESCRIPTION
Extent Read Together;Old Macdonald's Farm
942 ## - ADDED ENTRY ELEMENTS (KOHA)
Source of classification or shelving scheme Dewey Decimal Classification
Koha item type BOOK
Holdings
Withdrawn status Lost status Source of classification or shelving scheme Damaged status Not for loan Home library Current library Date acquired Total Checkouts Full call number Barcode Date last seen Price effective from Koha item type
    Dewey Decimal Classification     Good Samaritan School Library Good Samaritan School Library 06/18/2016   80 LAD15 06/18/2016 06/18/2016 BOOK

Powered by Koha